000 01251pam a2200385 a 4500
001 data
005 20260322212102.0
008 data
035 _a728716
906 _a7
_bcbc
_corignew
_d1
_eocip
_f19
_gy-gencatlg
010 _a 98050588
020 _a0803603517
020 _a9780803603516
035 _9(DLC) 98050588
040 _aDNLM/DLC
_cDLC
_dDLC
050 1 0 _aRT41
_b.W576 1999
060 1 0 _aWY 100
_bW724u 1998
082 0 0 _a610.73
_221
100 1 _aWilliams, Linda S.
_q(Linda Sue),
_d1954-
245 1 0 _aUnderstanding medical-surgical nursing /
_cLinda S. Williams, Paula D. Hopper.
260 _aPhiladelphia :
_bF.A. Davis Co.,
_cc1999.
300 _axxxii, 1296 p. :
_bill. ;
_c29 cm.
336 _atext
_btxt
_2rdacontent
337 _aunmediated
_bn
_2rdamedia
338 _avolume
_bnc
_2rdacarrier
504 _aIncludes bibliographical references and index.
650 0 _aNursing.
650 0 _aSurgical nursing.
650 1 2 _aNursing Care.
650 2 2 _aNursing.
700 1 _aHopper, Paula D.
920 _aDO NOT ACQUIRE
999 _c1471
_d1471